00944nmm a22002174a 4500003000900000005001700009008004100026041000800067100002100075245009000096260003100186300001000217520028100227650001900508650001700527650003000544650001300574856010500587942001900692999001500711BOLpUSFA20200730175158.0 t gq d 000 f spa d aspa aSerrano, Vicente aFraudebook : blo que la red social hace con nuestras vidas h[recurso electrónico] as.l.: bTitivillus,c2016. a91 p. aEl presente documento contiene: 1. La máquina de los afectos - 2. El valor de la amistad - 3. El fantasma de la libertad - 4. El poder de facebook - 5. No me gusta - 6. La felicidad de facebook - 7. Biografías - 8. El enredo de las masas - 9. Un dispositivo biopolítico. aRedes sociales aAdolescencia aMedios de comunicación  aInternet uhttp://biblioteca.usfa.edu.bo/cgi-bin/koha/opac-retrieve-file.pl?id=9e088a083ab39d8d4a7bc15f5a86f10f 2ddccDOCEzSML c3844d3844